• 首页
  • 本馆介绍
  • 公告通知
  • 最新文献
  • 馆藏检索
  • 电子资源
  • 读者导购
  • 参考咨询
  • 我的图书馆
  • 登录
  • 详细信息显示
  • 放入我的书架
  • 预约/预借图书
  • 作者相关作品
  • 分类相关作品
  • 丛书相关作品
  • 出版社相关作品

书目信息

  • 表格格式
  • 工作单格式
  • 卡片格式
题名:
美国外交政策及其如何影响了世界
    
 
作者: 米德 著 ;曹化银 译
分册:  
出版信息: 北京   中信出版社  2003
页数: 367页
开本: 22cm
丛书名:
单 册:
中图分类: D871.20
科图分类:
主题词: 美国对外政策--研究
电子资源:
ISBN: 7-80073-953-8
000 01028oam0 2200241 45
001 002583404
005 20050329143529.4
010    @a7-80073-953-8@dCNY30.00
100    @a20040219d2003 emky0chiy0110 ea
101 0  @achi@ceng
102    @aCN@b110000@b210000
105    @aa z 000yy
200 1  @a美国外交政策及其如何影响了世界@Amei guo wai jiao zheng ce ji qi ru he ying xiang le shi jie@dSpecial Providence: American Foreign Policy and How It Changed the World@f(美)沃尔特·拉塞尔·米德著@F(Mei)Wo Er Te·La Sai Er·Mi De Zhu@g曹化银译
210    @a北京@c中信出版社@a沈阳@c辽宁教育出版社@d2003
215    @a367页@c图@d22cm
300    @a全球外交领域最权威奖项Lionel Gelber奖2002年得主
330    @a本书出自一流外交政策专家之手,是对美国建国以来对外交往的全面重新解读,作者主旨是深入探讨美国外交政策何以获得成功,为两个多世纪的美国外交总结经验。
606 0  @a美国对外政策@x研究
690    @aD871.20@v4
701  0 @a米德@4著
702  0 @a曹化银@4译
801    @aCN@bNLC@c20040405
905    @b346684-688@dD871.20@e36@f5
    
    美国外交政策及其如何影响了世界=Special Providence: American Foreign Policy and How It Changed the World/(美)沃尔特·拉塞尔·米德著/曹化银译.-北京:中信出版社;沈阳:辽宁教育出版社,2003
    367页:图;22cm
    全球外交领域最权威奖项Lionel Gelber奖2002年得主
    
    ISBN 7-80073-953-8:CNY30.00
    本书出自一流外交政策专家之手,是对美国建国以来对外交往的全面重新解读,作者主旨是深入探讨美国外交政策何以获得成功,为两个多世纪的美国外交总结经验。
●
相关链接 在E读中查询图书 在五车中查询图书 在当当中查询图书 在豆瓣中查询图书


正题名:美国外交政策及其如何影响了世界     索取号:D871.20/36         预约/预借

序号 登录号 条形码 馆藏地/架位号 状态 备注
1 0346684   203466846   第一样本阅览室/ [索取号:D871.20/36] 在馆    
2 0346685   203466855   第一借阅区/ [索取号:D871.20/36] 在馆    
3 0346686   203466864   第一借阅区/ [索取号:D871.20/36] 在馆    
4 0346687   203466873   第一借阅区/ [索取号:D871.20/36] 在馆    
5 0346688   203466882   第一借阅区/ [索取号:D871.20/36] 在馆    
唐山师范学院图书馆 欢迎您!
大连网信软件有限公司© 版权所有